Logo BPK

Biblioteka

Politechniki Koszalińskiej

Kunst und Produktion / (Rekord nr 50223)

Szczegóły MARC
000 -ETYKIETA REKORDU
podpole kontrolne o stałej długości 00691nam a2200241 i 4500
001 - NUMER KONTROLNY REKORDU
pole kontrolne bgj
020 ## - MIĘDZYNARODOWY ZNORMALIZOWANY NUMER KSIĄŻKI - ISBN
ISBN 3446115579
040 ## - ŹRÓDŁO KATALOGOWANIA
Instytucja, która utworzyła rekord BPK
041 0# - KOD JĘZYKA
Kod języka tekstu ger
920 ## - Międzynarodowy znormalizowany numer książki – ISBN
ISBN 3-446-11557-9
008 - POLE O STAŁEJ DŁUGOŚCI - DANE KONTROLNE
podpole kontrolne o stałej długości s gw f |000 0 ger
100 1# - NAZWA OSOBOWA
Nazwa osobowa ARVATOV, Boris.
245 10 - TYTUŁ/ODPOWIEDZIALNOŚĆ
Tytuł Kunst und Produktion /
Pozostałe elementy strefy tytułu i oznaczenia odpowiedzialności Boris Arvatov ; Herausgegeben und übersetz von Hans Günther und Karla Hielscher.
260 ## - STREFA ADRESU WYDAWNICZEGO
Miejsce wydania München :
Nazwa wydawcy/dystrybutora Carl Hanser Verlag,
Data publikacji, dystrybucji/powstania dokumentu c. 1972.
300 ## - STREFA OPISU FIZYCZNEGO
Objętość 137 S. ;
Rozmiary 19 cm.
490 1# - STREFA SERII I DOKUMENTU WIELOCZĘŚCIOWEGO - FORMA NIE DO WYSZUKIWANIA
Tytuł i oznaczenie odpowiedzialności serii Reihe Hanser ;
Numeracja w obrębie serii 87
650 #9 - HASŁO PRZEDMIOTOWE W FORMIE NAZWY OGÓLNEJ LUB JEDNOSTKOWEJ
Nazwa ogólna lub geograficzna Kunstsoziologie
650 #9 - HASŁO PRZEDMIOTOWE W FORMIE NAZWY OGÓLNEJ LUB JEDNOSTKOWEJ
Nazwa ogólna lub geograficzna Proletkult
700 1# - HASŁO DODATKOWE - NAZWA OSOBOWA
Nazwa osobowa GÜNTHER, Hanz.
Określenie związku między hasłem a opisywanym materiałem Hrsg.
700 1# - HASŁO DODATKOWE - NAZWA OSOBOWA
Nazwa osobowa HIELSCHER, Karla.
Określenie związku między hasłem a opisywanym materiałem Hrsg.
830 ## - HASŁO DODATKOWE SERII LUB DOKUMENTU WIELOCZĘŚCIOWEGO - TYTUŁ UJEDNOLICONY
Tytuł ujednolicony Reihe Hanser ;
856 ## - LOKALIZACJA I DOSTĘP DO ELEKTRONICZNYCH DOKUMENTÓW ZDALNYCH
Link (URL) http://koha.tu.koszalin.pl/cgi-bin/koha/opac-detail.pl?biblionumber=50223
Tekst linku Katalog online BPK
942 ## - DODATKOWE ELEMENTY (KOHA)
Typ dokumentu Książka
Egzemplarze
Wycofany Status egzemplarza Uszkodzony Dostępność Lokalizacja stała Lokalizacja bieżąca Miejsce przechowywania Sygnatura Kod kreskowy Typ dokumentu
      Dostępny Biblioteka Politechniki Koszalińskiej Biblioteka Politechniki Koszalińskiej Wypożyczalnia Językowa N 104 01580563 Książka
© 2023 Biblioteka Politechniki Koszalińskiej :: KOHA